Loading...
Current Events | 5 | 6.00 | 80% | 0% | 0% |
Fine Arts - Classical Music | 8 | 7.50 | 75% | 13% | 13% |
Fine Arts - Other Fine Arts | 6 | 16.67 | 100% | 33% | 33% |
Fine Arts - Painting & Sculpture | 7 | 11.43 | 86% | 29% | 0% |
Geography | 1 | 10.00 | 100% | 0% | 0% |
History - American History | 8 | 7.50 | 75% | 13% | 0% |
History - European History | 3 | 10.00 | 67% | 33% | 0% |
History - Other History | 10 | 11.00 | 70% | 30% | 10% |
History - World History | 9 | 8.89 | 78% | 11% | 0% |
Literature - American Literature | 5 | 12.00 | 100% | 20% | 0% |
Literature - British Literature | 7 | 14.29 | 86% | 57% | 14% |
Literature - European Literature | 8 | 13.75 | 100% | 25% | 13% |
Literature - World Literature | 7 | 12.86 | 100% | 29% | 0% |
Mythology | 4 | 12.50 | 75% | 25% | 25% |
Other Academic | 5 | 12.00 | 80% | 40% | 0% |
Philosophy | 7 | 14.29 | 100% | 43% | 0% |
Religion | 7 | 8.57 | 86% | 0% | 0% |
Science - Biology | 9 | 12.22 | 89% | 22% | 11% |
Science - Chemistry | 8 | 12.50 | 88% | 38% | 0% |
Science - Other Science | 3 | 13.33 | 100% | 33% | 0% |
Science - Physics | 10 | 13.00 | 100% | 10% | 20% |
Social Science | 5 | 12.00 | 80% | 20% | 20% |